| 000 | 01687nam a22003977a 4500 | ||
|---|---|---|---|
| 003 | CHAP | ||
| 005 | 20220817044528.0 | ||
| 008 | 120621s2011 mx r 00010 spa d | ||
| 010 | _a103409 | ||
| 011 | _a104381 | ||
| 035 | _a115071 | ||
| 040 | _cCHAP | ||
| 090 | _aTesis | ||
| 100 | 1 |
_aHernández Pérez, José Luis Miguel. _954472 |
|
| 245 | 1 | 0 |
_aEfecto de la temperatura y humedad relativa en el rendimiento de Pleurotus ostreatus con dos métodos de cultivo _h[En línea] _c/por José Luis Miguel Hernández Pérez |
| 260 |
_aChapingo, Méx. : _bEl autor, _c2011 |
||
| 500 | _aPara ver el contenido del material haga clic en la liga | ||
| 502 | _aTesis (M.C. en Ingeniería Agrícola y Uso Integral del Agua Orientación Biosistemas) -- UACH. Departamento de Ingeniería Mécanica Agrícola y Departamento de Irrigación | ||
| 590 |
_aALEPH _b10 _c20130110 _lUCH01 _h1545 |
||
| 590 |
_aBATCH-UPD _b10 _c20130110 _lUCH01 _h1043 |
||
| 590 |
_aBATCH-UPD _b10 _c20130410 _lUCH01 _h0642 |
||
| 590 |
_aBATCH-UPD _b10 _c20130914 _lUCH01 _h1610 |
||
| 590 |
_aBATCH-UPD _b10 _c20140324 _lUCH01 _h1530 |
||
| 590 |
_aBATCH-UPD _b10 _c20141002 _lUCH01 _h0853 |
||
| 590 |
_aCONVERSION _b10 _c20130109 _lUCH01 _h1357 |
||
| 650 | 0 | 4 |
_aHongos comestibles. _956124 |
| 650 | 0 | 4 |
_aHongos _xRendimiento. _956118 |
| 650 | 0 | 4 | _aHumedad. |
| 650 | 0 | 4 |
_aPleurotus ostreatus. _989176 |
| 650 | 0 | 4 |
_aTemperatura _xEfecto en setas. _9112223 |
| 856 |
_3Finding aid _uhttp://10.13.5.2/tesis/115071.pdf _zTeclea aqui |
||
| 901 | _aBK | ||
| 942 | _cFOLL | ||
| 949 |
_aTesis _bBC _cTES _d33724002325512 _eTS2 _fc.2 _gDonaciØn _h53484 _i115071 _st |
||
| 949 |
_aTesis _bBC _cTES _d33724002325553 _eTS1 _gDonaciØn _h53483 _i115071 _st |
||
| 999 |
_c103409 _d103409 |
||